[Event "Arber op Seniors 3rd"]
[Site "Bayerisch Eisenstein"]
[Date "2015.08.09"]
[Round "9"]
[White "Tomanek, Rafael"]
[Black "Selig, Rainer"]
[Result "1/2-1/2"]
[WhiteElo "2002"]
[BlackElo "2133"]
[PlyCount "24"]
[EventDate "2015.08.01"]
[EventType "swiss"]
[EventRounds "9"]
[EventCountry "GER"]
[SourceTitle "EXT 2016"]
[Source "ChessBase"]
[SourceDate "2015.10.08"]
[SourceVersion "1"]
[SourceVersionDate "2015.10.08"]
[SourceQuality "1"]

1. d4 Nf6 2. Nf3 d6 3. c4 g6 4. Nc3 Bg7 5. e4 0-0 6. Be2 Nbd7 7. h3 c6 8. Be3 Qc7 9. 0-0 a6 10. a4 a5 11. Qc2 Rd8 12. Rfd1 b6 1/2-1/2

[Event "Arber op Seniors 3rd"]
[Site "Bayerisch Eisenstein"]
[Date "2015.08.02"]
[Round "3"]
[White "Tomanek, Rafael"]
[Black "Schumacher, Gottfried"]
[Result "0-1"]
[WhiteElo "2002"]
[BlackElo "2212"]
[PlyCount "90"]
[EventDate "2015.08.01"]
[EventType "swiss"]
[EventRounds "9"]
[EventCountry "GER"]
[SourceTitle "EXT 2016"]
[Source "ChessBase"]
[SourceDate "2015.10.08"]
[SourceVersion "1"]
[SourceVersionDate "2015.10.08"]
[SourceQuality "1"]

1. d4 Nf6 2. Nf3 e6 3. c4 d5 4. Nc3 c6 5. cxd5 cxd5 6. Bf4 a6 7. e3 Nc6 8. Bd3 Be7 9. 0-0 Nh5 10. Ne5 Nxf4 11. Nxc6 bxc6 12. exf4 Qb6 13. Bc2 Bf6 14. Ne2 0-0 15. g4 g6 16. h4 a5 17. h5 a4 18. Kg2 Qxb2 19. Rh1 Ba6 20. hxg6 fxg6 21. Rb1 Qxa2 22. Rh3 Rf7 23. Rb4 Bc4 24. Qc1 Bxe2 25. Ra3 Qxa3 26. Qxa3 Be7 27. Qe3 Bxb4 28. Qxe2 Re7 29. Bb1 a3 30. Qc2 Ra6 31. f5 exf5 32. gxf5 gxf5 33. Qxf5 Ra8 34. Qc2 Rc7 35. Ba2 Rd8 36. Kf1 Bf8 37. Qf5 Rd6 38. Qf4 Rf7 39. Qe3 Rdf6 40. Qg5+ Bg7 41. Ke1 Rf8 42. Qg3 Rxf2 43. Qxa3 Bxd4 44. Bxd5+ cxd5 45. Qd6 Bc3+ 0-1

[Event "Arber op Seniors 3rd"]
[Site "Bayerisch Eisenstein"]
[Date "2015.08.01"]
[Round "1"]
[White "Tomanek, Rafael"]
[Black "Zerweck, Christoph"]
[Result "1-0"]
[WhiteElo "2002"]
[BlackElo "1919"]
[PlyCount "86"]
[EventDate "2015.08.01"]
[EventType "swiss"]
[EventRounds "9"]
[EventCountry "GER"]
[SourceTitle "EXT 2016"]
[Source "ChessBase"]
[SourceDate "2015.10.08"]
[SourceVersion "1"]
[SourceVersionDate "2015.10.08"]
[SourceQuality "1"]

1. d4 d5 2. Nf3 Nf6 3. c4 c6 4. Nc3 e6 5. cxd5 exd5 6. Bg5 Be7 7. Qc2 Bg4 8. e3 Nbd7 9. Be2 0-0 10. 0-0 Re8 11. Rab1 h6 12. Bh4 Rc8 13. b4 Ne4 14. Bxe7 Qxe7 15. Na4 b6 16. Nc3 Qe6 17. Ne1 Bxe2 18. Nxe2 Ndf6 19. Nd3 Nd6 20. Ne5 c5 21. bxc5 bxc5 22. Qa4 c4 23. f3 Rc7 24. Nc3 Nd7 25. Qa5 Nb6 26. Rfe1 f6 27. Ng6 Nf5 28. Nf4 Qd7 29. Nfxd5 Nxd5 30. Nxd5 Rb7 31. Rxb7 Qxb7 32. Nxf6+ gxf6 33. Qxf5 c3 34. Qg6+ Kf8 35. Qxf6+ Kg8 36. Qg6+ Kf8 37. Qxh6+ Kg8 38. Qg6+ Kf8 39. Qb1 Qc7 40. Qb5 Re7 41. Qc5 Qb7 42. Qxc3 Rg7 43. Qc5+ Kg8 1-0

[Event "SVK-ch Seniors"]
[Site "Tatranske Matliare"]
[Date "2015.06.03"]
[Round "6"]
[White "Bardik, Jozef"]
[Black "Tomanek, Rafael"]
[Result "0-1"]
[WhiteElo "1910"]
[BlackElo "1974"]
[PlyCount "90"]
[EventDate "2015.05.30"]
[EventType "swiss"]
[EventRounds "9"]
[EventCountry "SVK"]
[SourceTitle "EXT 2017"]
[Source "ChessBase"]
[SourceDate "2016.10.25"]
[SourceVersion "1"]
[SourceVersionDate "2016.10.25"]
[SourceQuality "1"]

1. e4 Nf6 2. e5 Nd5 3. c4 Nb6 4. d4 d6 5. f4 dxe5 6. fxe5 Bf5 7. Nf3 e6 8. Be2 Be7 9. 0-0 0-0 10. Nc3 Nc6 11. a3 f6 12. Be3 Qd7 13. Qe1 Rad8 14. Rd1 Bc2 15. Rd2 Bb3 16. exf6 Bxf6 17. c5 Nc4 18. Bxc4 Bxc4 19. Rff2 Bd5 20. Nxd5 exd5 21. Bg5 Rde8 22. Rfe2 Rxe2 23. Qxe2 Re8 24. Qf1 Qf5 25. Bxf6 Qxf6 26. Re2 Re4 27. Rxe4 dxe4 28. d5 exf3 29. dxc6 Qd4+ 30. Qf2 Qd1+ 31. Qf1 Qxf1+ 32. Kxf1 fxg2+ 33. Kxg2 bxc6 34. b4 Kf7 35. Kf3 Ke6 36. Ke4 a6 37. Kf4 Kf6 38. Kg4 g6 39. h4 h6 40. Kf4 Ke6 41. Ke4 g5 42. h5 Kf6 43. a4 Ke6 44. a5 Kf6 45. b5 cxb5 0-1

[Event "SVK-ch Seniors"]
[Site "Tatranske Matliare"]
[Date "2015.05.31"]
[Round "3"]
[White "Tomanek, Rafael"]
[Black "Lacha, Jan"]
[Result "1-0"]
[WhiteElo "1974"]
[BlackElo "1816"]
[PlyCount "59"]
[EventDate "2015.05.30"]
[EventType "swiss"]
[EventRounds "9"]
[EventCountry "SVK"]
[SourceTitle "EXT 2017"]
[Source "ChessBase"]
[SourceDate "2016.10.25"]
[SourceVersion "1"]
[SourceVersionDate "2016.10.25"]
[SourceQuality "1"]

1. d4 e6 2. Nf3 f5 3. g3 Nf6 4. Bg2 d5 5. 0-0 Bd6 6. c4 c6 7. c5 Bc7 8. Bf4 Bxf4 9. gxf4 0-0 10. Nc3 Ne4 11. Qc2 Rf6 12. e3 Rh6 13. Ne2 b6 14. cxb6 axb6 15. Rfc1 Bb7 16. b4 Nd7 17. Rab1 g5 18. fxg5 Nxg5 19. Nf4 Nxf3+ 20. Bxf3 Qh4 21. h3 Kf7 22. Kh2 Rg8 23. Rg1 Rxg1 24. Rxg1 Nf6 25. Rg3 Ne4 26. Bxe4 fxe4 27. Qd1 Bc8 28. Qg1 e5 29. dxe5 d4 30. Rg7+ 1-0

[Event "Arber op Seniors 2nd"]
[Site "Bayerisch Eisenstein"]
[Date "2014.08.21"]
[Round "6"]
[White "Wuensch, Ulrich"]
[Black "Tomanek, Rafael"]
[Result "1-0"]
[WhiteElo "2079"]
[BlackElo "1946"]
[PlyCount "57"]
[EventDate "2014.08.16"]
[EventType "swiss"]
[EventRounds "9"]
[EventCountry "GER"]
[SourceTitle "EXT 2016"]
[Source "ChessBase"]
[SourceDate "2015.10.08"]
[SourceVersion "1"]
[SourceVersionDate "2015.10.08"]
[SourceQuality "1"]

1. d4 d5 2. Nf3 Nf6 3. e3 c6 4. Nbd2 Bf5 5. c4 e6 6. Be2 Nbd7 7. 0-0 Bd6 8. b3 0-0 9. Bb2 Ne4 10. Ne5 Nxe5 11. dxe5 Bb4 12. Nxe4 Bxe4 13. Bd3 Bxd3 14. Qxd3 dxc4 15. Qxc4 Qe7 16. a3 Ba5 17. b4 Bb6 18. a4 Rfd8 19. a5 Bc7 20. a6 Bb6 21. axb7 Qxb7 22. Rfc1 c5 23. bxc5 Bxc5 24. Rab1 Bb6 25. Bd4 Rac8 26. Qb3 Rb8 27. Rc4 Rd5 28. Qc2 Bxd4 29. Rxb7 1-0

[Event "SVK-ch Seniors"]
[Site "Tatranske Matliare"]
[Date "2013.06.03"]
[Round "3"]
[White "Svonavec, Stefan"]
[Black "Tomanek, Rafael"]
[Result "1-0"]
[WhiteElo "2013"]
[BlackElo "1955"]
[PlyCount "69"]
[EventDate "2013.06.02"]
[EventType "swiss"]
[EventRounds "9"]
[EventCountry "SVK"]
[SourceTitle "EXT 2023"]
[Source "ChessBase"]
[SourceDate "2022.10.05"]
[SourceVersion "1"]
[SourceVersionDate "2022.10.05"]
[SourceQuality "1"]

1. d4 Nf6 2. Nf3 d5 3. c3 e6 4. Bg5 h6 5. Bh4 c5 6. e3 Nc6 7. Nbd2 Bd7 8. Ne5 Be7 9. Bd3 c4 10. Bc2 b5 11. a3 a5 12. 0-0 b4 13. f4 0-0 14. f5 b3 15. Bb1 Nxe5 16. dxe5 Nh7 17. Bxe7 Qxe7 18. f6 gxf6 19. Bxh7+ Kxh7 20. Rxf6 Rg8 21. Qh5 Rg6 22. Raf1 Kg7 23. R1f4 Rg8 24. g3 Be8 25. Kg2 Kh7 26. Kf2 Rxf6 27. exf6 Qd8 28. Nf3 Rg6 29. Qe5 Ba4 30. Ke2 Be8 31. g4 Bc6 32. h4 Qg8 33. g5 h5 34. Qc7 Qe8 35. Ne5 1-0

[Event "Tatry op"]
[Site "Tatranske Zruby"]
[Date "2011.09.30"]
[Round "7"]
[White "Tomanek, Rafael"]
[Black "Bombek, Peter"]
[Result "0-1"]
[WhiteElo "1903"]
[BlackElo "2179"]
[PlyCount "166"]
[EventDate "2011.09.25"]
[EventType "swiss"]
[EventRounds "9"]
[EventCountry "SVK"]
[SourceTitle "CBM 144 Extra"]
[Source "ChessBase"]
[SourceDate "2011.10.28"]
[SourceVersion "1"]
[SourceVersionDate "2011.10.28"]
[SourceQuality "1"]

1. d4 e6 2. Nf3 f5 3. g3 Nf6 4. Bg2 d5 5. 0-0 Bd6 6. c4 c6 7. b3 Qe7 8. c5 Bc7 9. Bf4 b6 10. Bxc7 Qxc7 11. b4 a5 12. cxb6 Qxb6 13. bxa5 Rxa5 14. Nbd2 0-0 15. Nb3 Ra7 16. Qc2 Nbd7 17. Rfb1 Qc7 18. a4 Ba6 19. e3 Ne4 20. Nfd2 h6 21. Rc1 Rc8 22. Nxe4 fxe4 23. Nc5 Nxc5 24. Qxc5 Bd3 25. Bh3 Kf7 26. a5 Ra6 27. Rc3 Rca8 28. Rca3 Bb5 29. Qc3 Qd6 30. Bf1 Rb8 31. Rc1 Bxf1 32. Kxf1 Rb4 33. Qa1 Qb8 34. Rac3 Qb5+ 35. Kg2 Rxa5 36. Ra3 Rba4 37. Rcc3 Qa6 38. Rxa4 Rxa4 39. Qc1 Rc4 40. Qb2 Rxc3 41. Qxc3 Qb6 42. Qa3 Qd8 43. Qc5 Qd7 44. Qb6 Qd6 45. Qb7+ Kf6 46. Qa7 e5 47. Qb6 exd4 48. exd4 Kg6 49. Qa7 Qf6 50. Kg1 Kh7 51. Qb6 Qf3 52. Qc5 Qe2 53. Qb6 Qe1+ 54. Kg2 Qd2 55. Kg1 Qe1+ 56. Kg2 e3 57. fxe3 Qxe3 58. Qc5 Qe2+ 59. Kg1 Qf3 60. Qc2+ Kg8 61. Qc5 h5 62. Qxc6 Qd1+ 63. Kg2 Qd2+ 64. Kh3 Qg5 65. Qc8+ Kh7 66. Qc2+ Kh6 67. Qf2 Kg6 68. Qc2+ Qf5+ 69. Qxf5+ Kxf5 70. Kh4 Ke4 71. Kxh5 Kxd4 72. Kg6 Ke5 73. h4 d4 74. Kxg7 d3 75. h5 d2 76. h6 d1Q 77. h7 Qd7+ 78. Kg8 Qg4+ 79. Kf8 Qh5 80. Kg7 Qg5+ 81. Kf8 Qh6+ 82. Kg8 Qg6+ 83. Kf8 Qxh7 0-1